000 01459cam a22003974i 4500
003 PE-LiUPU
005 20250731175644.0
008 150616s r 000 0 d
020 _a0310410401
035 _a(Sirsi) i9780310410409
040 _aPE-LiUPU
_bspa
_cPE-LiUPU
_erda
049 _aPRUA
082 0 4 _a487.415
_bM82
_221
100 1 _aMounce, William D.,
_eautor.
245 1 4 _aThe Morphology of Biblical Greek.
264 1 _aGrand Rapids, Michigan :
_bZondervan Publishing House,
_c1994.
300 _a362 páginas ;
_c24 centímetros
336 _atext
_2rdacontent
337 _aunmediated
_2rdamedia
338 _avolume
_2rdacarrier
505 0 _aPhonology, Verbal formation -- Indicative tenses -- Non-Indicative "Moods" -- Noun paradigms -- Adjetive Paradigms -- Principal parts.
526 _aP145
526 _aP127
526 _aP97
526 _aP35
526 _aP14
526 _aP07
650 0 4 _aGRIEGO BIBLICO - MORFOLOGIA.
910 _ajck
_bjvq
_cjck
942 _2ddc
_cBOOK
949 _a487.415 M82
_wDEWEY
_c1
_i40153
_lCCODEBUL1
_mBUL
_r0
_sY
_tBOOK
_u2015-6-16
_xTEOLOGIA
_zUNKNOWN
_0COMPRA
_o.STAFF. Colección General
994 _aC0
_bPEPRU
596 _a1
999 _a487.415 M82
_wDEWEY
_c57944
_i40153
_d57944
_f2021-11-12
_g6
_lCCODEBUL1
_mBUL
_q6
_r0
_sY
_tBOOK
_u2015-6-16
_xTEOLOGIA
_zUNKNOWN
_0COMPRA
_o.STAFF. Colección General
980 _81
_gALBERTO SANCHEZ Responsable de Automatización